| 000 | 00583nam a22001937a 4500 | ||
|---|---|---|---|
| 999 |
_c2942 _d2942 |
||
| 003 | AR-CdUCM | ||
| 008 | 190305b ||||| |||| 00| 0 spa d | ||
| 040 |
_aMUNICIPALIDAD PROVINCIAL DEL CUSCO _cBIBLIOTECA MUNICIPAL DEL CUSCO |
||
| 082 |
_a869.56 / _bOL41 |
||
| 100 |
_aOlarte Espinoza, Teodosio _910089 |
||
| 245 | _aSabina es también junio en Ayacucho / | ||
| 260 |
_aLima : _bAsencios, _c1975. |
||
| 300 |
_a46 páginas ; _c16.5 cm. |
||
| 500 | _aDonacion Familia Nieto | ||
| 650 |
_aPoesía peruana _9806 |
||
| 650 |
_aSiglo XX _910068 |
||
| 942 |
_2ddc _cLIBROS |
||
| 945 | _aafb | ||